000 00573nam a2200157 4500
001 137785
003 ES-MaACL
007 t|
008 070214s1954 sp r ||||1| spa d
100 1 _aSalinas Bellver, Salvador.
_9101947
245 1 0 _aAtlas de Geografía Universal
_b: obra concordada con las principales publicaciones y adecuada para uso de cuantos se dediquen a los estudios geográficos /
_cpor Salvador Salinas Bellver.
250 _a29ª ed.
260 _aMadrid :
_bSalinas,
_c1954.
300 _a70 map. col. ;
_c34 cm.
852 _aES-MaACL
_jB-2932
_bR.36352
999 _c137785
_d137785